00991cam a2200277 a 4500999001700000001000800017003000400025005001700029008004100046010001700087020003800104040001800142043001200160050002300172082002000195100002000215245004900235260003200284300005500316504006400371600003500435650003800470906004500508942003500553952012500588 c23523d235231998330OSt20170126120141.0900426s1990 ilucf b 001 0beng  a 90036939  a0929587375 (alk. paper) :c$24.95 aDLCcDLCdDLC ae-ne---00aND653.G7bC36 199000a759.9492aB2201 aCallow, Philip.10aVincent van Gogh :ba life /cPhilip Callow. aChicago :bI.R. Dee,c1990. axviii, 295 p., [8] p. of plates :bports ;c25 cm. aIncludes bibliographical references (p. 287-288) and index.10aGogh, Vincent van,d1853-1890. 0aPainterszNetherlandsxBiography. a7bcbccorignewd1eocipf19gy-gencatlg 2lcccBOOKShND 653 .G7C36 1990 00102lcc4070aMUCbMUCcTECHd2017-01-26eDonation (BFA)l0oND 653 .G7C36 1990p32337r2018-09-13w2017-01-26yBOOKS